Statistiques concernant Les mondialisations (1880-1935)

Cliquez ici pour prendre le quiz!

Statistiques générales

  • Ce quiz a été pris 103 fois
  • Le résultat moyen est 8 sur 51

Statistiques - réponses

HintRéponse% Correct
Canal de suez
(A)
1869
94%
Tarif douanier protectionniste, "Tarif Méline"
(A)
1892
65%
1ère conférence de la paix à la Haye
(A)
1899
47%
Pogroms dans l'empire russe
(A)
1881
41%
Guerre Russo-Japonaise
(Années)
1904-1905
41%
Colonisation de l'Indochine par la France
(A)
1885
29%
Crise diplomatique et coloniale de Fachoda
(A)
1898
29%
Révolte des "Boxers"
(Années)
1900-1901
29%
Armistice sur le Front ouest
(A/M/J)
11 Novembre 1918
24%
Conférence de Washington sur les fuseaux horaires
(A)
1884
24%
Adhésion de l'Allemagne à la SDN
(A)
1926
24%
Attentat de Sarajevo
(A/M/J)
28 juin 1914
24%
Signature du Traité de Versailles incluant le Pacte de la SDN
(A/M/J)
28 Juin 1919
24%
Diffusion par Zamenhof de l'Espéranto
(A)
1887
18%
Exposition universelle à Paris
(A)
1889
18%
Achèvement du chemin de fer Transsibérien
(A)
1903
18%
Liaison télégraphique transpacifique San Francisco Manille
(A)
1903
18%
Traversée de la manche par Blériot
(A)
1909
18%
Déclenchement de la WW1
(A/M/J)
4 août 1914
18%
Entrée en guerre des États-Unis dans la Triple Entente
(A/M)
Avril 1917
18%
Torpillage du Lusitania par les Allemands
(A/M)
Mai 1915
18%
Lancement du Zoroastre, premier navire pétrolier moderne
(A)
1878
12%
Conférence financière de Gênes
(A)
1922
12%
Traité de Lausanne avec la Turquie
(A)
1923
12%
Arrivée au pouvoir d'Hitler et Roosevelt
(A/M)
Janvier 1933
12%
Refus du Sénat des USA de ratifier le Traité de Versailles
(A/M)
Mars 1920
12%
Loi sur la nationalité en France
(A)
1889
6%
Victoire du Japon sur la Chine
(A)
1895
6%
Crises marocaines entre France et Allemagne
(deux dates)
1905 et 1911
6%
Immigration Act en Europe qui fixe les quotas de migrants
(A)
1924
6%
Plan Dawes sur les dettes et réparations
(A)
1924
6%
Pacte de Briand-Kellog
(A)
1928
6%
Plan Young sur les réparations
(A)
1929
6%
Aliens restictions Act (GB)
(A/M/J)
5 septembre 1914
6%
Prise du pouvoir par les Bolcheviks en Russie
(A/M/J)
7 Novembre 1917
6%
Faillite de la Danatbank
(A/M)
Juillet 1931
6%
Faillite de la banque Kreditanstaldt (Autriche)
(A/M)
Mai 1931
6%
Ouverture du dépôt d'immigration à Ellis Island à New-York
(A)
1892
0%
Massacre des Italiens à Aigues-Mortes
(A)
1893
0%
Massacres d'Arméniens dans l'empire Ottoman
(A)
1909
0%
Carte d'identité pour les étrangers en France
(A)
1917
0%
Conférence navale de Washington
(A)
1921
0%
"Certificat Nansen" par la SDN pour les réfugiés ou apatrides
(A)
1922
0%
Conférence impériale Britannique à Ottawa
(A)
1932
0%
"Jeudi Noir" à la bourse de New-York
(A/M/J)
24 octobre 1929
0%
Congrès panafricain à Paris
(A/M)
Février 1919
0%
Manifestation d'étudiants chinois à Beijing (A/M)Mai 1919
0%
Retrait de l'Allemagne de la conférence du désarmement et de la SDN
(A/M)
Octobre 1933
0%
Bombardement de Papeete (FR) par la flotte Allemande
(A/M)
septembre 1914
0%
Incident de Moukden (Japon vs Chine)
(A/M)
Septembre 1931
0%
Fin de la convertabilité en or de la Livre sterling
(A/M)
Septembre 1931
0%

Distribution des résultats

Percentile par nombre de réponses

% des personnes avec chaque résultat

Votre développement - résultats

Vous n’avez pas pris ce quiz